Protección de las minorías en las sociedades anónimas / (Record no. 18121)

MARC details
000 -LEADER
fixed length control field 00704cam a22002294a 4500
001 - CONTROL NUMBER
control field ca 36000798
003 - CONTROL NUMBER IDENTIFIER
control field DLC
005 - DATE AND TIME OF LATEST TRANSACTION
control field 20260227111141.0
008 - FIXED-LENGTH DATA ELEMENTS--GENERAL INFORMATION
fixed length control field 080508s1933 mx m 000 0 spa
010 ## - LIBRARY OF CONGRESS CONTROL NUMBER
LC control number ca 36000798
040 ## - CATALOGING SOURCE
Original cataloging agency DLC
Transcribing agency DLC
043 ## - GEOGRAPHIC AREA CODE
Geographic area code n-mx---
050 00 - LIBRARY OF CONGRESS CALL NUMBER
Classification number KGF1354
Item number .J56 1933
100 1# - MAIN ENTRY--PERSONAL NAME
Personal name Jiménez Cabral, Romeo.
245 10 - TITLE STATEMENT
Title Protección de las minorías en las sociedades anónimas /
Statement of responsibility, etc. Romeo Jiménez Cabral.
260 ## - PUBLICATION, DISTRIBUTION, ETC.
Place of publication, distribution, etc. México,
Date of publication, distribution, etc. 1933.
300 ## - PHYSICAL DESCRIPTION
Extent 33 leaves ;
Dimensions 28 cm.
500 ## - GENERAL NOTE
General note Mimeographed.
502 ## - DISSERTATION NOTE
Dissertation note Thesis--Universidad Nacional Autónoma, 1933.
650 #0 - SUBJECT ADDED ENTRY--TOPICAL TERM
Topical term or geographic name entry element Minority stockholders
General subdivision Legal status, laws, etc.
Geographic subdivision Mexico.
650 #0 - SUBJECT ADDED ENTRY--TOPICAL TERM
Topical term or geographic name entry element Corporation law
Geographic subdivision Mexico.

No items available.

Powered by Koha